Score 0/12 Timer 04:00
0 Plays Today
Hint Character % Correct
POVJon Snow
100%
Grenn
87.8%
Alliser Thorne
85.7%
Pypar
85.7%
Jeor Mormont
83.7%
Tyrion Lannister
81.6%
Donal Noye
55.1%
Ghost
51%
Todder
44.9%
Halder
32.7%
Dareon
28.6%
Jeren
20.4%
Remove Ads.
Support Sporcle.
Get the best of Sporcle when you Go Orange. This ad-free experience offers more features, more stats, and more fun while also helping to support Sporcle. Thank you for becoming a member.

You're not logged in!

Compare scores with friends on all Sporcle quizzes.
OR
Log In

Sporcle TV

Today on Sporcle TV


Watch our educational content, quiz creation guides, and fun videos on Sporcle TV.

Show Comments

Extras

Top Quizzes Today


Score Distribution

Paid Content

Your Account Isn't Verified!

In order to create a playlist on Sporcle, you need to verify the email address you used during registration. Go to your Sporcle Settings to finish the process.

Report this User

Report this user for behavior that violates our Community Guidelines.

Details: